000 00486nam a2200181Ia 4500
005 20240823025127.0
008 240823s9999||||xx |||||||||||||| ||und||
041 _aENGLISH
082 _A368 P7
100 _aJayShree Bose
245 4 _aThe Bermuda Insurance Captives Issues and Perspectives
250 _a1st
260 _c2007
_bThe ICFAI University
_aHyderabad
500 _aYES
650 _aThe Bermuda Insurance Captives
_bNano Technology
942 _cBK
999 _c185576
_d185576